书目信息 |
| 题名: |
时装效果图与电脑设计
|
|
| 作者: | 施建平 主编 | |
| 分册: | ||
| 出版信息: | 苏州 苏州大学出版社 2010.03 |
|
| 页数: | 255页 | |
| 开本: | 26cm | |
| 丛书名: | 现代服装设计与制作工艺丛书 | |
| 单 册: | ||
| 中图分类: | TS941.26 | |
| 科图分类: | ||
| 主题词: | 服装--fu zhuang--计算机辅助设计 | |
| 电子资源: | ||
| ISBN: | 978-7-81137-405-6 | |
| 000 | 00997nam 2200265 450 | |
| 001 | 012010221019 | |
| 005 | 20100601182504.58 | |
| 010 | @a978-7-81137-405-6@dCNY48.00 | |
| 100 | @a20100601d2010 em y0chiy0120 ea | |
| 101 | 0 | @achi |
| 102 | @aCN@b320000 | |
| 105 | @aa a 000yy | |
| 106 | @ar | |
| 200 | 1 | @a时装效果图与电脑设计@Ashi zhuang xiao guo tu yu dian nao she ji@f施建平主编@Fzhu bian shi jian ping |
| 210 | @a苏州@c苏州大学出版社@d2010.03 | |
| 215 | @a255页@c图@d26cm | |
| 225 | 2 | @a现代服装设计与制作工艺丛书@Axian dai fu zhuang she ji yu zhi zuo gong yi cong shu |
| 320 | @a有书目 (第255页) | |
| 330 | @a本书内容包括:时装效果图概述、时装效果图设计、计算机在时装效果图中的应用、Photoshop CS3面料纹理效果的模拟、Photoshop CS3饰品设计等。 | |
| 410 | 0 | @12001 @a现代服装设计与制作工艺丛书 |
| 606 | 0 | @a服装@Afu zhuang@x计算机辅助设计 |
| 690 | @aTS941.26@v4 | |
| 701 | 0 | @a施建平@Ashi jian ping@4主编 |
| 801 | 0 | @aCN@bQSSK@c20100601 |
| 905 | @b780887-89@dTS941.26@eS492@f3 | |
| 时装效果图与电脑设计/施建平主编.-苏州:苏州大学出版社,2010.03 |
| 255页:图;26cm.-(现代服装设计与制作工艺丛书) |
| ISBN 978-7-81137-405-6:CNY48.00 |
| 本书内容包括:时装效果图概述、时装效果图设计、计算机在时装效果图中的应用、Photoshop CS3面料纹理效果的模拟、Photoshop CS3饰品设计等。 |
| ● |
| 相关链接 |
|
|
|
正题名:时装效果图与电脑设计
索取号:TS941.26/S492
 
预约/预借
| 序号 | 登录号 | 条形码 | 馆藏地/架位号 | 状态 | 备注 |
| 1 | 780887 | 207808871 | 自科库501/501自科库 73排2列4层/ [索取号:TS941.26/S492] | 在馆 | |
| 2 | 780888 | 207808880 | 自科库501/501自科库 73排2列4层/ [索取号:TS941.26/S492] | 在馆 | |
| 3 | 780889 | 207808899 | 自科库501/501自科库 73排2列4层/ [索取号:TS941.26/S492] | 在馆 |